MESTSKÁ KNIŽNICA GIRALTOVCE  - online katalóg 

Varovanie (Record no. 23917)

000 -NÁVESTIE
fixed length control field 01884cam a2200565 4500
001 - EVIDENČNÉ ČÍSLO ZÁZNAMU - Kontrolné číslo
control field vtls012062157
005 - DÁTUM A ČAS POSLEDNEJ TRANSAKCIE
control field 20250922091253.0
008 - ÚDAJE S PEVNOU DĹŽKOU – VŠEOBECNÉ INFORMÁCIE
fixed length control field 210716s2021 xo c gr 000 0dslo
020 ## - MEDZINÁRODNÉ ŠTANDARDNÉ ČÍSLO KNIHY (ISBN)
Medzinárodné štandardné číslo knihy (ISBN) 9788082113108
Qualifying information (brožované)
040 ## - ZDROJ KATALOGIZÁCIE
Pôvodná katalogizujúca agentúra SVKBB
Jazyk katalogizácie slo
Prepisujúca agentúra SVKBB
Modifikujúca agentúra SNK
Konvencie popisu rda
041 1# - KÓD JAZYKA
Kód jazyka textu/zvukovej stopy alebo samostatných nápisov slo
Kód jazyka originálu a/alebo sprostredkujúcich prekladov textu eng
044 ## - KÓD KRAJINY VYDAVATEĽA/PRODUCENTA
Kód krajiny MARC xo
Kód krajiny ISO SK
072 #7 - KÓD PREDMETOVEJ KATEGÓRIE
Kód predmetovej kategórie 2
Pododdiel kódu predmetovej kategórie Náboženstvo
Zdroj konspekt
080 ## - ČÍSLO MEDZINÁRODNÉHO DESATINNÉHO TRIEDENIA (MDT)
Číslo Medzinárodného desatinného triedenia (MDT) 2-534.6
Identifikátor vydania 2011
080 ## - ČÍSLO MEDZINÁRODNÉHO DESATINNÉHO TRIEDENIA (MDT)
Číslo Medzinárodného desatinného triedenia (MDT) 133.529
Identifikátor vydania 2011
080 ## - ČÍSLO MEDZINÁRODNÉHO DESATINNÉHO TRIEDENIA (MDT)
Číslo Medzinárodného desatinného triedenia (MDT) 113
Identifikátor vydania 2011
080 ## - ČÍSLO MEDZINÁRODNÉHO DESATINNÉHO TRIEDENIA (MDT)
Číslo Medzinárodného desatinného triedenia (MDT) 2-175
Identifikátor vydania 2011
080 ## - ČÍSLO MEDZINÁRODNÉHO DESATINNÉHO TRIEDENIA (MDT)
Číslo Medzinárodného desatinného triedenia (MDT) 27-175
Identifikátor vydania 2011
080 ## - ČÍSLO MEDZINÁRODNÉHO DESATINNÉHO TRIEDENIA (MDT)
Číslo Medzinárodného desatinného triedenia (MDT) 272-184.3
Identifikátor vydania 2011
080 ## - ČÍSLO MEDZINÁRODNÉHO DESATINNÉHO TRIEDENIA (MDT)
Číslo Medzinárodného desatinného triedenia (MDT) (0:82-32)
Identifikátor vydania 2011
080 ## - ČÍSLO MEDZINÁRODNÉHO DESATINNÉHO TRIEDENIA (MDT)
Číslo Medzinárodného desatinného triedenia (MDT) (0:82-4)
Identifikátor vydania 2011
100 1# - OSOBNÉ MENÁ – VŠEOBECNÉ INFORMÁCIE
Osobné meno Watkins, Christine,
Dátumy súvisiace s menom 1966-
Kód roly aut
-- 4771
240 14 - UNIFIKOVANÝ NÁZOV
Unifikovaný názov The warning: testimonies and prophecies of the illumination of conscience
Jazyk diela Slovensky
245 10 - NÁZOV
Názov Varovanie
Zvyšok názvu svedectvá a proroctvá o osvietení svedomia
Údaj o zodpovednosti atď. Christine Watkins ; preklad Pavol Petrík
246 30 - INÁ FORMA NÁZVU
Hlavný názov/skrátený názov Svedectvá a proroctvá o osvietení svedomia
250 ## - ÚDAJ O PORADÍ VYDANIA
Údaj o poradí vydania Vydanie 1.
264 #1 - VYDAVATEĽSKÉ ÚDAJE, DISTRIBÚCIA ATĎ. - RDA
Miesto publikovania, distribúcie atď. [Varín]
Názov vydavateľa, distibútora atď. Zachej.sk
Dátum publikovania, distribúcie atď. 2021
300 ## - FYZICKÝ POPIS
Rozsah 312 strán
Ďalšie fyzické detaily portréty
Rozmery 21 cm
336 ## - TYP OBSAHU
Typ obsahu - termín text
Typ obsahu - kód txt
Zdroj rdacontent
337 ## - TYP MÉDIA
Typ média - termín bez média
Typ média - kód n
Zdroj rdamedia
338 ## - TYP NOSIČA
Typ nosiča - termín zväzok
Typ nosiča - kód nc
Zdroj rdacarrier
500 ## - VŠEOBECNÁ POZNÁMKA
Formátovaná poznámka o obsahu Preložené z angličtiny
500 ## - VŠEOBECNÁ POZNÁMKA
Formátovaná poznámka o obsahu Obsahuje biografické údaje o autorke
500 ## - VŠEOBECNÁ POZNÁMKA
Formátovaná poznámka o obsahu Miesto vydania podľa NA ISBN
650 07 - PRIDANÝ VSTUP – PREDMET – TEMATICKÉ HESLO
Tematické heslo alebo geografický názov ako vstupný prvok proroctvá
Zdroj hesla alebo termínu SNKPH
-- 4772
650 07 - PRIDANÝ VSTUP – PREDMET – TEMATICKÉ HESLO
Tematické heslo alebo geografický názov ako vstupný prvok koniec sveta
Zdroj hesla alebo termínu SNKPH
-- 4773
650 07 - PRIDANÝ VSTUP – PREDMET – TEMATICKÉ HESLO
Tematické heslo alebo geografický názov ako vstupný prvok katolícka viera
Zdroj hesla alebo termínu SNKPH
-- 4774
650 07 - PRIDANÝ VSTUP – PREDMET – TEMATICKÉ HESLO
Tematické heslo alebo geografický názov ako vstupný prvok eschatológia
Zdroj hesla alebo termínu SNKPH
-- 4775
650 07 - PRIDANÝ VSTUP – PREDMET – TEMATICKÉ HESLO
Tematické heslo alebo geografický názov ako vstupný prvok Prophecies
Zdroj hesla alebo termínu SNKPHeng
-- 4776
650 07 - PRIDANÝ VSTUP – PREDMET – TEMATICKÉ HESLO
Tematické heslo alebo geografický názov ako vstupný prvok End of the world
Zdroj hesla alebo termínu SNKPHeng
-- 4777
650 07 - PRIDANÝ VSTUP – PREDMET – TEMATICKÉ HESLO
Tematické heslo alebo geografický názov ako vstupný prvok Catholic faith
Zdroj hesla alebo termínu SNKPHeng
-- 4778
650 07 - PRIDANÝ VSTUP – PREDMET – TEMATICKÉ HESLO
Tematické heslo alebo geografický názov ako vstupný prvok Eschatology
Zdroj hesla alebo termínu SNKPHeng
-- 4779
655 #7 - INDEXAČNÝ TERMÍN – ŽÁNER/FORMA
Údaje o žánri/forme alebo termín, ktorý je prvok fazety príbehy
Zdroj termínu SNKPH
-- 2455
655 #7 - INDEXAČNÝ TERMÍN – ŽÁNER/FORMA
Údaje o žánri/forme alebo termín, ktorý je prvok fazety úvahy
Zdroj termínu SNKPH
-- 1703
655 #7 - INDEXAČNÝ TERMÍN – ŽÁNER/FORMA
Údaje o žánri/forme alebo termín, ktorý je prvok fazety Stories
Zdroj termínu SNKPHeng
-- 1706
655 #7 - INDEXAČNÝ TERMÍN – ŽÁNER/FORMA
Údaje o žánri/forme alebo termín, ktorý je prvok fazety Essays
Zdroj termínu SNKPHeng
-- 1704
700 1# - PRIDANÝ VSTUP – OSOBNÉ MENO
Osobné meno Petrík, Pavol,
Dátumy súvisiace s menom 1973-
Kód roly trl
-- 4780
958 ## - Formálny deskriptor
Formálny deskriptor NT
958 ## - Formálny deskriptor
Formálny deskriptor UP
Holdings
Stav stiahnutia (Blokovanie) (Withrawn status) Stav straty Zdroj klasifikácie pre skladovanie Stav poškodenia (Damaged status) Nie pre výpožičky (Not for loan) Spôsob nadobudnutia (Collection code) Trvalé umiestnenie Aktuálne umiestnenie Dátum nadobudnutia Inventárne číslo (prírastkové číslo) Celkom výpožičky Full call number Čiarový kód Dátum posledného výskytu Dátum poslednej výpôžičky Cena s účinnosťou od Typ jednotky Koha
          Dar Mestská knižnica Giraltovce Mestská knižnica Giraltovce 2025-09-22 22273 1 S1571 S1571 2026-01-07 2025-11-18 2025-09-22 Krásna literatúra pre deti

Powered by Koha